PROCUREMENT AND SUPPLY CHAIN MANAGEMENT (Record no. 7900)

MARC details
000 -LEADER
fixed length control field 00568nam a22002057a 4500
003 - CONTROL NUMBER IDENTIFIER
control field OSt
005 - DATE AND TIME OF LATEST TRANSACTION
control field 20220718131109.0
008 - FIXED-LENGTH DATA ELEMENTS--GENERAL INFORMATION
fixed length control field 220718b ||||| |||| 00| 0 eng d
020 ## - INTERNATIONAL STANDARD BOOK NUMBER
International Standard Book Number 978-1-292-08611-8
040 ## - CATALOGING SOURCE
Transcribing agency DDC
082 ## - DEWEY DECIMAL CLASSIFICATION NUMBER
Classification number 658.7
100 ## - MAIN ENTRY--PERSONAL NAME
Personal name Kenneth LYSONS
9 (RLIN) 16049
245 ## - TITLE STATEMENT
Title PROCUREMENT AND SUPPLY CHAIN MANAGEMENT
250 ## - EDITION STATEMENT
Edition statement 9TH ED
260 ## - PUBLICATION, DISTRIBUTION, ETC. (IMPRINT)
Place of publication, distribution, etc. NEWYORK
Name of publisher, distributor, etc. PEARSON
Date of publication, distribution, etc. 2016
300 ## - PHYSICAL DESCRIPTION
Extent XX,660P:
Other physical details ILL,COL;
Dimensions 24.4
505 ## - FORMATTED CONTENTS NOTE
Formatted contents note INCLUDES INDEX, APPENDIX AND REFERENCES
650 ## - SUBJECT ADDED ENTRY--TOPICAL TERM
Topical term or geographic name as entry element PURCHASING AND SUPPLY CHAIN MANAGEMENT
9 (RLIN) 16050
942 ## - ADDED ENTRY ELEMENTS (KOHA)
Source of classification or shelving scheme Dewey Decimal Classification
Koha item type Book
Holdings
Withdrawn status Lost status Source of classification or shelving scheme Damaged status Not for loan Home library Current library Date acquired Source of acquisition Inventory number Total Checkouts Full call number Barcode Date last seen Price effective from Koha item type
    Dewey Decimal Classification     Faculty of Management Science Library Faculty of Management Science Library 18/07/2022 Purchase 17/40226   658.7 2022-0684 18/07/2022 18/07/2022 Book